000 00300nam a22001337a 4500
008 181102b xxu||||| |||| 00| 0 eng d
020 _a1557982015
041 _aeng
080 _a159.9
100 _a49
101 _aPSI
245 _aSexual Feelings in Psychotherapy
_cPope,K.S
942 _2udc
_cBK
999 _c51611
_d51611